00516nam a2200169Ia 450000500170000000800410001702000150005808200130007310000130008624500300009926000460012930000120017550000410018794200060022895200970023499900150033120250526030450.0240331s9999 xx 000 0 und d a9559102788 bBHAa305 aBhasin,K 0aPirimikama gana vimasumak aColombobSocial Science Associationc2005 a79 p ., aA book on question about masculinity cL 001040708LaWERCLbWERCLcSSCd2024-03-31l0o 305.3 BHAp1940r2024-03-31w2024-03-31yL c5243d5243